| 000 -LEADER |
| fixed length control field |
03138cam a2200493 a 4500 |
| 001 - CONTROL NUMBER |
| control field |
14709752 |
| 003 - CONTROL NUMBER IDENTIFIER |
| control field |
OSt |
| 005 - DATE AND TIME OF LATEST TRANSACTION |
| control field |
20180116183055.0 |
| 008 - FIXED-LENGTH DATA ELEMENTS--GENERAL INFORMATION |
| fixed length control field |
070124s2007 nyu b 001 0deng |
| 010 ## - LIBRARY OF CONGRESS CONTROL NUMBER |
| LC control number |
2007003261 |
| 020 ## - INTERNATIONAL STANDARD BOOK NUMBER |
| International Standard Book Number |
9781594201226 |
| 020 ## - INTERNATIONAL STANDARD BOOK NUMBER |
| International Standard Book Number |
1594201226 |
| 035 ## - SYSTEM CONTROL NUMBER |
| System control number |
(OCoLC)ocm81252666 |
| 035 ## - SYSTEM CONTROL NUMBER |
| System control number |
(OCoLC)81252666 |
| 040 ## - CATALOGING SOURCE |
| Original cataloging agency |
DLC |
| Transcribing agency |
DLC |
| Modifying agency |
BAKER |
| -- |
BTCTA |
| -- |
LF3 |
| -- |
YBM |
| -- |
C#P |
| -- |
VP@ |
| -- |
BUR |
| -- |
YDXCP |
| -- |
IXA |
| -- |
DLC |
| 043 ## - GEOGRAPHIC AREA CODE |
| Geographic area code |
n-us--- |
| 050 00 - LIBRARY OF CONGRESS CALL NUMBER |
| Classification number |
E902 |
| Item number |
.G67 2007 |
| 082 00 - DEWEY DECIMAL CLASSIFICATION NUMBER |
| Classification number |
973.931 GOR 2007 |
| Edition number |
22 |
| 100 1# - MAIN ENTRY--PERSONAL NAME |
| Personal name |
Gore, Al, |
| Dates associated with a name |
1948- |
| 245 14 - TITLE STATEMENT |
| Title |
The assault on reason / |
| Statement of responsibility, etc. |
Al Gore. |
| 260 ## - PUBLICATION, DISTRIBUTION, ETC. |
| Place of publication, distribution, etc. |
New York : |
| Name of publisher, distributor, etc. |
Penguin Press, |
| Date of publication, distribution, etc. |
2007. |
| 300 ## - PHYSICAL DESCRIPTION |
| Extent |
308 p. ; |
| Dimensions |
25 cm. |
| Other physical details |
PB. |
| 440 ## - SERIES STATEMENT/ADDED ENTRY--TITLE |
| Title |
The assault on reason |
| 504 ## - BIBLIOGRAPHY, ETC. NOTE |
| Bibliography, etc. note |
Includes bibliographical references (p. [277]-296) and index. |
| 505 0# - FORMATTED CONTENTS NOTE |
| Formatted contents note |
The politics of fear -- Blinding the faithful -- The politics of wealth -- Convenient untruths -- The assault on the individual -- National insecurity -- The carbon crisis -- Democracy in the balance -- A well-connected citizenry -- The rebirth of democracy. |
| 520 ## - SUMMARY, ETC. |
| Summary, etc. |
An analysis of how the politics of fear, secrecy, cronyism, and blind faith has created an environment dangerously hostile to reason. We live in an age when the 30-second television spot is the most powerful force shaping the electorate's thinking, and America is in the hands of an administration less interested than any previous administration in sharing the truth with the citizenry. Of even greater concern is this administration's disinterest in the process by which the truth is ascertained--an open inquiry in which unexpected and even inconvenient facts can lead to unexpected conclusions. Never has there been a worse time for us to lose the capacity to face the reality of our long-term challenges. Gore aims to make us more aware of the forces at work on our own minds, and to lead us to an understanding of what we can do to safeguard our future.--From publisher description. |
| 600 10 - SUBJECT ADDED ENTRY--PERSONAL NAME |
| Personal name |
Bush, George W. |
| Fuller form of name |
(George Walker), |
| Dates associated with a name |
1946- |
| 600 10 - SUBJECT ADDED ENTRY--PERSONAL NAME |
| Personal name |
Bush, George W. |
| Fuller form of name |
(George Walker), |
| Dates associated with a name |
1946- |
| General subdivision |
Friends and associates. |
| 650 #0 - SUBJECT ADDED ENTRY--TOPICAL TERM |
| Topical term or geographic name entry element |
Political culture |
| Geographic subdivision |
United States. |
| 650 #0 - SUBJECT ADDED ENTRY--TOPICAL TERM |
| Topical term or geographic name entry element |
Democracy |
| Geographic subdivision |
United States. |
| 650 #0 - SUBJECT ADDED ENTRY--TOPICAL TERM |
| Topical term or geographic name entry element |
Reason |
| General subdivision |
Social aspects |
| Geographic subdivision |
United States. |
| 650 #0 - SUBJECT ADDED ENTRY--TOPICAL TERM |
| Topical term or geographic name entry element |
Reason |
| General subdivision |
Political aspects |
| Geographic subdivision |
United States. |
| 650 #0 - SUBJECT ADDED ENTRY--TOPICAL TERM |
| Topical term or geographic name entry element |
Fear |
| General subdivision |
Political aspects |
| Geographic subdivision |
United States. |
| 650 #0 - SUBJECT ADDED ENTRY--TOPICAL TERM |
| Topical term or geographic name entry element |
Official secrets |
| Geographic subdivision |
United States. |
| 650 #0 - SUBJECT ADDED ENTRY--TOPICAL TERM |
| Topical term or geographic name entry element |
Religious fundamentalism |
| General subdivision |
Political aspects |
| Geographic subdivision |
United States. |
| 651 #0 - SUBJECT ADDED ENTRY--GEOGRAPHIC NAME |
| Geographic name |
United States |
| General subdivision |
Politics and government |
| Chronological subdivision |
2001-2009. |
| 856 42 - ELECTRONIC LOCATION AND ACCESS |
| Materials specified |
Contributor biographical information |
| Uniform Resource Identifier |
<a href="http://www.loc.gov/catdir/enhancements/fy0743/2007003261-b.html">http://www.loc.gov/catdir/enhancements/fy0743/2007003261-b.html</a> |
| 856 42 - ELECTRONIC LOCATION AND ACCESS |
| Materials specified |
Publisher description |
| Uniform Resource Identifier |
<a href="http://www.loc.gov/catdir/enhancements/fy0743/2007003261-d.html">http://www.loc.gov/catdir/enhancements/fy0743/2007003261-d.html</a> |
| 856 41 - ELECTRONIC LOCATION AND ACCESS |
| Materials specified |
Sample text |
| Uniform Resource Identifier |
<a href="http://www.loc.gov/catdir/enhancements/fy1204/2007003261-s.html">http://www.loc.gov/catdir/enhancements/fy1204/2007003261-s.html</a> |
| 856 41 - ELECTRONIC LOCATION AND ACCESS |
| Materials specified |
Table of contents only |
| Uniform Resource Identifier |
<a href="http://www.loc.gov/catdir/enhancements/fy1204/2007003261-t.html">http://www.loc.gov/catdir/enhancements/fy1204/2007003261-t.html</a> |
| 906 ## - LOCAL DATA ELEMENT F, LDF (RLIN) |
| a |
7 |
| b |
cbc |
| c |
orignew |
| d |
1 |
| e |
ecip |
| f |
20 |
| g |
y-gencatlg |
| 942 ## - ADDED ENTRY ELEMENTS (KOHA) |
| Source of classification or shelving scheme |
|
| Koha item type |
Book |